000 01406nam a2200433 a 4500
999 _c23187
_d23187
001 vtls009312236
005 20220421130424.0
008 080716s2008 xr g 000 e cze c
020 _a9788072039296 (viaz.)
040 _aSAVUK
_bslo
_cSAVUK
_eAACR2
041 1 _acze
_hita
044 _axr
_cCZ
072 7 _a821.131.1-3
_xTalianska próza
_2konspekt
072 7 _a316.3
_xGlobálne spoločnosti. Sociálna štruktúra. Sociálne skupiny
_2konspekt
080 _a821.131.1-3
_22001
080 _a316.3
_22001
080 _a82:316.3
_22001
080 _a316.7:32
_22001
080 _a82.0
_22001
080 _a379.823
_22001
080 _a316.774
_22001
080 _a(0:82-4)
_22001
080 _a(081.2)
_22001
100 1 _aEco, Umberto,
_d1932-2016
_92815
240 1 3 _aBustina di Minerva
_lČesky
245 1 0 _aPoznámky na krabičkách od sirek
_cUmberto Eco ; přeložila Zora Obstová
250 _aVyd. 1.
260 _aPraha
_bArgo
_c2008
300 _a471 s.
_c22 cm
650 0 7 _atalianska próza
_2SNKPH
_92816
650 0 7 _aspoločnosť
_2SNKPH
_92817
650 0 7 _aliteratúra a spoločnosť
_2SNKPH
_92818
650 0 7 _akultúra a politika
_2SNKPH
_92819
650 0 7 _aliterárna estetika
_2SNKPH
_92820
650 0 7 _amasmédiá
_2SNKPH
_92821
655 7 _aeseje
_2SNKPH
_92822
655 7 _avybrané diela
_2SNKPH
_92823
700 1 _aObstová-Jandová, Zora,
_d1972-
_4trl
_92824